000 00995nam1a22003131 4500
001 v19\rc\1956178
005 20260406081234.0
035 _a(NLR Aleph) 005040514
090 _a6788438
_c6788438
100 _a20251123 rusy50
101 0 _arus
102 _aRU
105 _a z |||||
200 1 _aЗанимательная физика
_fСост. Я. Перельман. Кн. [1]-2
210 _aСанкт-Петербург
_cП.П. Сойкин
_d1913-1916
215 _a2 т.
_d25
700 1 _4220
_8rus
_7ca
_aПерельман
_bЯ. И.
_gЯков Исидорович
_f1882-1942
_3RU\NLR\AUTH\7745475
_928413
801 0 _aRU
_bNLR
_gpsbo
801 0 _aRU
_bRuMoRGB
_2psbo
801 1 _aRU
_bProSoft-M
_2rusmarc
852 _aNLR
_j37.43.7.106
852 _aNLR
_j+Шифры разные
899 _aRuMoRGB
_jV 106/218
899 _aRuMoRGB
_jЯ 240/51
899 _aБАН
899 _aRuMoRGB
_jU 469/40 (кн. 1)
942 _cBOOK
980 _aNB